Rozpoznaj postaci historyczne po wizerunku 2! - Statystyki

Ogólne statystyki
  • Ten quiz został rozwiązany 1 272 razy
  • Średni wynik to 12 z 27
Statystyki odpowiedzi
Obrazkowy Odpowiedź % Poprawnych
Roman Dmowski
87%
Jadwiga Andegaweńska
82%
Gajusz Juliusz Cezar
77%
Józef Stalin
74%
Joanna d' Arc
71%
Marcin Luter
64%
Martin Luther King
63%
Władysław Gomułka
58%
Ignacy Jan Paderewski
57%
Sokrates
56%
Franklin Delano Roosevelt
54%
Aleksander Wielki
52%
Bolesław Bierut
51%
Mikołaj II Romanow
46%
Emilia Plater
45%
Ignacy Mościcki
45%
Karol Wielki
36%
Aleksander I Romanow
30%
Romuald Traugutt
23%
Józef Piłsudski
21%
Jan Karol Chodkiewicz
20%
Ferdinand Foch
19%
Stanisław Żółkiewski
19%
Piotr Wysocki
16%
Cyprian Kamil Norwid
12%
Walery Sławek
11%
Andrzej Frycz Modrzewski
9%
Nie znaleziono quizów pasujących do podanych kryteriów
Rozkład punktacji
Procent ludzi z każdym wynikiem
Percentyl według liczby udzielonych odpowiedzi
Twoja historia wyników
Nie rozwiązałeś tego quizu